| 000 | 00594nam a2200229Ia 4500 | ||
|---|---|---|---|
| 003 | OSt | ||
| 005 | 20240911140614.0 | ||
| 007 | ta | ||
| 008 | 220927b |||||||| |||| 00| 0 eng d | ||
| 020 | _a0852268912 | ||
| 024 | _a88519 | ||
| 037 | _cTextual | ||
| 040 |
_aSDCL _cSDCL _beng |
||
| 041 |
_2eng _aeng |
||
| 082 | _aD661 K0 | ||
| 100 | _aVan, Valkenburg, M.E., | ||
| 245 | 0 | _aIntroduction to modern network synthesis : | |
| 260 |
_c1960. _aNew York. _bJohn Wiley, |
||
| 300 | _a498p. | ||
| 942 |
_hD661 K0 _cTEXL _2CC |
||
| 999 |
_c840373 _d840373 |
||